[Event "Open ASR"]
[Site "Roma ITA"]
[Date "2010.09.28"]
[Round "3"]
[White "Zarfati, Daniele"]
[Black "Di Carlo, Adriano"]
[Result "1/2-1/2"]
[WhiteElo "1589"]
[BlackElo "1389"]
[PlyCount "133"]
[EventDate "2010.09.16"]

1. c4 Nf6 2. Nc3 e6 3. Nf3 d5 4. e3 c6 5. d4 Bd6 6. c5 Bc7 7. Bd2 Nbd7 8. b4 e5
9. dxe5 Nxe5 10. Nxe5 Bxe5 11. Rb1 Bf5 12. Rb3 O-O 13. Be2 Re8 14. O-O Qd7 15.
Nb1 Ne4 16. Bc1 Re6 17. f3 Bxh2+ 18. Kxh2 Rh6+ 19. Kg1 Ng3 20. Re1 Bh3 21. e4
Bxg2 22. Bxh6 Qh3 23. Kf2 Nh1+ 24. Rxh1 Bxh1 25. Bf4 Qg2+ 26. Ke1 Rd8 27. e5
Qg1+ 28. Bf1 d4 29. Rd3 g5 30. Be3 Qg3+ 31. Bf2 Qxe5+ 32. Qe2 Qf4 33. Nd2 Kf8
34. Qe4 Re8 35. Rxd4 Rxe4+ 36. Rxe4 Qf5 37. Bd3 Qd5 38. Bc4 Qf5 39. Bd3 Qh3 40.
Bf1 Bg2 41. Bxg2 Qxg2 42. Rg4 Qh1+ 43. Rg1 Qh6 44. Ne4 Qe6 45. Kf1 f6 46. Be1
h5 47. Bc3 Qc4+ 48. Kf2 f5 49. Bg7+ Kxg7 50. Rxg5+ Kh6 51. Rxf5 Qxa2+ 52. Kg3
Qg8+ 53. Kf4 Qc4 54. Rf6+ Kg7 55. Kg5 h4 56. Rg6+ Kh7 57. Nf6+ Kh8 58. Rg8+
Qxg8+ 59. Nxg8 Kxg8 60. Kxh4 b6 61. cxb6 axb6 62. Kg4 Kf7 63. Kf4 Ke6 64. Ke4
c5 65. bxc5 bxc5 66. f4 c4 67. Kd4 1/2-1/2

[Event "Open ASR"]
[Site "Roma ITA"]
[Date "2010.09.30"]
[Round "4"]
[White "Andreozzi, Paolo"]
[Black "Rampini, Carlo"]
[Result "0-1"]
[WhiteElo "1723"]
[BlackElo "1791"]
[PlyCount "134"]
[EventDate "2010.09.16"]

1. d4 d5 2. c4 e6 3. Nf3 c6 4. e3 Nf6 5. Qc2 Bd6 6. g3 Nbd7 7. Bg2 O-O 8. Nbd2
e5 9. dxe5 Nxe5 10. c5 Nxf3+ 11. Nxf3 Bc7 12. b4 a5 13. b5 cxb5 14. Bb2 Ne4 15.
Nd4 Qe8 16. O-O Bd7 17. Rfd1 Rc8 18. Qb3 Bc6 19. Nf5 Be5 20. Bxe4 dxe4 21. Nd6
Bxd6 22. Rxd6 b4 23. a3 Rd8 24. axb4 Rxd6 25. cxd6 a4 26. Qc3 f6 27. Ba3 Qh5
28. Qd4 b5 29. Rc1 Qd5 30. Qxd5+ Bxd5 31. d7 Bc4 32. Rd1 Rd8 33. Rd4 Kf7 34.
Kg2 f5 35. f3 exf3+ 36. Kxf3 Ke6 37. e4 g6 38. exf5+ gxf5 39. Kf4 Bd5 40. Kg5
Rxd7 41. Rh4 Rg7+ 42. Kf4 Rg4+ 43. Rxg4 fxg4 44. Kxg4 Ke5 45. Bb2+ Ke4 46. h4
Kd3 47. Kf4 Kc4 48. Ke3 Kxb4 49. Kd2 Kb3 50. Kc1 Be4 51. g4 Kc4 52. g5 Bg6 53.
Kd2 b4 54. Bf6 a3 55. Kc1 b3 56. Bg7 b2+ 57. Bxb2 axb2+ 58. Kxb2 Kd4 59. Kc1
Ke4 60. Kd2 Kf4 61. Ke2 Kg4 62. Kf2 Kxh4 63. Kg2 Kxg5 64. Kg3 Bf5 65. Kg2 Kg4
66. Kh2 Be4 67. Kg1 h5 0-1

[Event "Open ASR"]
[Site "Roma ITA"]
[Date "2010.09.30"]
[Round "4"]
[White "Bogosaljevic, Miodrag"]
[Black "Prudenzano, Ruggero"]
[Result "1-0"]
[WhiteElo "1883"]
[BlackElo "1929"]
[PlyCount "122"]
[EventDate "2010.09.16"]

1. d4 Nf6 2. c4 c5 3. d5 b5 4. cxb5 a6 5. bxa6 Bxa6 6. Nc3 g6 7. Nf3 d6 8. e4
Bxf1 9. Kxf1 Nbd7 10. g3 Bg7 11. Kg2 O-O 12. h3 Qb6 13. Re1 Rfb8 14. Re2 Qb7
15. Qc2 h6 16. Bf4 Nh5 17. Be3 Qb4 18. Rd1 Nb6 19. Bc1 Nc4 20. Rd3 Qa5 21. b3
Na3 22. Bxa3 Qxa3 23. e5 Qa6 24. a4 Rxb3 25. Rde3 Rab8 26. Nb5 Rb4 27. Re4 Qb7
28. Rxb4 cxb4 29. Qc4 dxe5 30. Qxb4 Qxd5 31. Qxe7 Qc4 32. Re3 Qxa4 33. Nd6 f6
34. Qf7+ Kh7 35. Nh4 Qc6+ 36. Kh2 Qxd6 37. Qxg6+ Kh8 38. Qxh5 Qd7 39. Nf5 Kh7
40. Qg4 Rd8 41. h4 Rg8 42. Qe4 Kh8 43. Rd3 Qa7 44. Kg2 Qa8 45. Qxa8 Rxa8 46.
Rd7 Rg8 47. Rf7 Kh7 48. h5 Kh8 49. Kf3 Kh7 50. Ke4 Kh8 51. Kd5 Rd8+ 52. Ke4 Rg8
53. f3 Kh7 54. g4 Kh8 55. Rd7 Bf8 56. Nh4 Bg7 57. Kd5 Ra8 58. Nf5 Rg8 59. Ke6
Kh7 60. Rxg7+ Rxg7 61. Nxg7 Kxg7 1-0

[Event "Open ASR"]
[Site "Roma ITA"]
[Date "2010.09.30"]
[Round "4"]
[White "Bolla, Vittorio"]
[Black "Zarfati, Daniele"]
[Result "1-0"]
[WhiteElo "1790"]
[BlackElo "1589"]
[PlyCount "45"]
[EventDate "2010.09.16"]

1. e4 c5 2. Nf3 d6 3. Bb5+ Bd7 4. a4 Nf6 5. Nc3 g6 6. O-O Bg7 7. Re1 O-O 8. d4
a6 9. Bxd7 Nbxd7 10. e5 dxe5 11. dxe5 Ng4 12. e6 Nb6 13. exf7+ Rxf7 14. Qe2 Qc7
15. h3 Rxf3 16. hxg4 Rxc3 17. bxc3 Bxc3 18. Bh6 e5 19. a5 Bxe1 20. axb6 Bxf2+
21. Qxf2 Qxb6 22. Rf1 Qd6 23. Qf7+ 1-0

[Event "Open ASR"]
[Site "Roma ITA"]
[Date "2010.09.30"]
[Round "4"]
[White "Cannavo', Giuseppe"]
[Black "Macri', Giuseppe"]
[Result "0-1"]
[WhiteElo "1365"]
[BlackElo "1254"]
[PlyCount "82"]
[EventDate "2010.09.16"]

1. e4 c5 2. d3 e6 3. Nf3 Nf6 4. g3 d5 5. e5 Nfd7 6. b3 b6 7. Bf4 Be7 8. Bg2 f6
9. Qe2 Nc6 10. exf6 Bxf6 11. c3 b5 12. Qxe6+ Qe7 13. Qxe7+ Kxe7 14. O-O Re8 15.
Re1+ Kf7 16. Rc1 Ba6 17. a3 b4 18. Bf1 bxc3 19. Ra2 d4 20. b4 Rab8 21. Ng5+
Bxg5 22. Bxg5 Nce5 23. Be2 c4 24. Bf4 Nxd3 25. Rd1 Nxf4 26. Rxd4 Nxe2+ 27. Rxe2
Rxe2 28. Kf1 Rbe8 29. Rxd7+ R2e7 30. Rxe7+ Rxe7 31. Nxc3 Bb7 32. a4 Bf3 33. b5
Ke6 34. a5 Rd7 35. b6 axb6 36. axb6 Rb7 37. Ke1 Rxb6 38. Kd2 Rb2+ 39. Ke3 Bd5
40. Kd4 Rd2+ 41. Ke3 Rd3+ 0-1

[Event "Open ASR"]
[Site "Roma ITA"]
[Date "2010.09.30"]
[Round "4"]
[White "Covello, Danilo"]
[Black "Castellano, Lorenzo"]
[Result "1-0"]
[WhiteElo "1410"]
[BlackElo "1881"]
[PlyCount "61"]
[EventDate "2010.09.16"]

1. d4 Nf6 2. c4 e6 3. Nc3 Bb4 4. Qc2 Nc6 5. Nf3 d5 6. a3 Be7 7. cxd5 Nxd5 8. e4
Nb6 9. Bf4 Nxd4 10. Nxd4 Qxd4 11. Bxc7 O-O 12. Rd1 Qc5 13. Bg3 Bf6 14. Bd3 g6
15. h4 h5 16. O-O Qe7 17. e5 Bxh4 18. Bxh4 Qxh4 19. Bxg6 Qg5 20. Bh7+ Kh8 21.
f4 Qh6 22. Be4 Rg8 23. Qe2 Bd7 24. Rd3 h4 25. Rh3 Rg3 26. Rf3 Rag8 27. Qf2
Rxg2+ 28. Qxg2 Rxg2+ 29. Kxg2 Bc6 30. Bxc6 bxc6 31. Rxh4 1-0

[Event "Open ASR"]
[Site "Roma ITA"]
[Date "2010.09.30"]
[Round "4"]
[White "Di Carlo, Adriano"]
[Black "De Santis, Emilio"]
[Result "1-0"]
[WhiteElo "1389"]
[BlackElo "1875"]
[PlyCount "54"]
[EventDate "2010.09.16"]

1. e4 e6 2. d4 d5 3. exd5 exd5 4. Nf3 Nf6 5. Bd3 Bd6 6. O-O O-O 7. Re1 Bg4 8.
Bg5 h6 9. Bxf6 Qxf6 10. Nbd2 c5 11. Be2 cxd4 12. Nb3 Bb4 13. Nfd2 Be6 14. a3
Bxd2 15. Qxd2 Nc6 16. Bb5 a6 17. Bxc6 bxc6 18. Qxd4 Qg6 19. Qc3 Bf5 20. Re2
Rfd8 21. Nd4 Rac8 22. Qc5 Bh3 23. f3 Re8 24. Rae1 Rxe2 25. Rxe2 Bd7 26. Qe7 Bf5
27. Qb7 c5 1-0

[Event "Open ASR"]
[Site "Roma ITA"]
[Date "2010.09.30"]
[Round "4"]
[White "Di Mauro, Giuseppe"]
[Black "Urzi', Silvio"]
[Result "1/2-1/2"]
[WhiteElo "1946"]
[BlackElo "1781"]
[PlyCount "86"]
[EventDate "2010.09.16"]

1. c4 e6 2. Nc3 d5 3. d4 Nf6 4. Bg5 c6 5. e3 Nbd7 6. Nf3 dxc4 7. Bxc4 b5 8. Bd3
Be7 9. Rc1 Bb7 10. O-O a6 11. Qe2 c5 12. dxc5 Nxc5 13. Bb1 Qa5 14. Bxf6 Bxf6
15. Nxb5 Qxb5 16. Qxb5+ axb5 17. Rxc5 Bd5 18. b3 b4 19. e4 Bb7 20. Rc7 Ba6 21.
Rfc1 Bc3 22. e5 h6 23. Be4 Rd8 24. Bc6+ Kf8 25. a4 bxa3 26. Ra7 Bb2 27. Re1 Bc8
28. g3 g6 29. b4 Kg7 30. b5 Rd3 31. b6 Bd7 32. Rxd7 Rxd7 33. Bxd7 a2 34. b7 Rb8
35. Bc8 a1=Q 36. Rxa1 Bxa1 37. Kf1 Kf8 38. Ke2 Ke8 39. Kd3 Kd8 40. Kc4 Rxc8+
41. bxc8=Q+ Kxc8 42. h4 Kd7 43. g4 Ke7 1/2-1/2

[Event "Open ASR"]
[Site "Roma ITA"]
[Date "2010.09.30"]
[Round "4"]
[White "Dietrich, Stefano"]
[Black "Passeri, Marco"]
[Result "1-0"]
[WhiteElo "1763"]
[BlackElo "1434"]
[PlyCount "45"]
[EventDate "2010.09.16"]

1. Nf3 d5 2. c4 c6 3. g3 Nf6 4. b3 Bg4 5. Bg2 Bxf3 6. Bxf3 e5 7. O-O Bc5 8. Bb2
e4 9. Bg2 O-O 10. d4 Bb6 11. e3 Na6 12. Nc3 Nb4 13. Ba3 a5 14. Qe2 Re8 15. Bxb4
axb4 16. Na4 Ra7 17. Rfe1 Nd7 18. cxd5 cxd5 19. Bh3 Ra6 20. Qb5 Re6 21. Bxe6
fxe6 22. Re2 Ba5 23. Rc1 1-0

[Event "Open ASR"]
[Site "Roma ITA"]
[Date "2010.09.30"]
[Round "4"]
[White "Fargnoli, Maurizio"]
[Black "Condemi De Felice, Alfonso"]
[Result "0-1"]
[WhiteElo "1678"]
[BlackElo "1907"]
[PlyCount "102"]
[EventDate "2010.09.16"]

1. d4 g6 2. e4 Bg7 3. Nf3 d6 4. h3 Nf6 5. Bd3 O-O 6. O-O Nc6 7. c3 e5 8. Be3
Qe8 9. d5 Ne7 10. Nh2 c6 11. c4 b5 12. Nc3 bxc4 13. Bxc4 cxd5 14. Nxd5 Nexd5
15. Bxd5 Nxd5 16. Qxd5 Ba6 17. Rfc1 Qb8 18. Ng4 Bb7 19. Qc4 Rc8 20. Qb4 a5 21.
Rxc8+ Bxc8 22. Qc3 Be6 23. b3 h5 24. Nh2 Qb4 25. Qd3 d5 26. f3 a4 27. Rb1 dxe4
28. fxe4 axb3 29. axb3 Rb8 30. Nf3 Qb5 31. Qxb5 Rxb5 32. b4 f6 33. Bc5 Bf8 34.
Bxf8 Kxf8 35. Kf2 Ke7 36. Ke3 f5 37. Nd2 f4+ 38. Kd3 g5 39. Kc3 g4 40. h4 g3
41. Nf3 Bg4 42. Ng5 Rb8 43. b5 Be2 44. b6 Kd7 45. Kd2 Ba6 46. Nh7 Kc6 47. Nf6
Rxb6 48. Rxb6+ Kxb6 49. Nd7+ Kc7 50. Nxe5 Bf1 51. Ng6 f3 0-1

[Event "Open ASR"]
[Site "Roma ITA"]
[Date "2010.09.30"]
[Round "4"]
[White "Pardo, Paolo"]
[Black "Spada, Angelo"]
[Result "0-1"]
[WhiteElo "1736"]
[BlackElo "2046"]
[PlyCount "76"]
[EventDate "2010.09.16"]

1. e4 e5 2. d4 exd4 3. Qxd4 Nc6 4. Qe3 Nf6 5. Nc3 Be7 6. h3 d5 7. exd5 Nb4 8.
Bd3 Nfxd5 9. Nxd5 Nxd5 10. Qg3 Bb4+ 11. Bd2 Qe7+ 12. Ne2 Bxd2+ 13. Kxd2 O-O 14.
Rad1 c5 15. Kc1 Be6 16. Nf4 Nxf4 17. Qxf4 Rac8 18. Rhe1 c4 19. Bf5 Qf6 20.
Bxh7+ Kxh7 21. Qxf6 gxf6 22. c3 Rc5 23. Rd4 Rfc8 24. g4 Re5 25. Rh1 Rec5 26. f4
R8c7 27. f5 Bd5 28. Rhd1 Re7 29. a3 b5 30. Kb1 a5 31. R1d2 Be4+ 32. Ka2 Bd3 33.
Rh2 a4 34. Rh1 Re2 35. h4 Bc2 36. Rf1 Bb3+ 37. Kb1 Rce5 38. Rc1 Rh2 0-1

[Event "Open ASR"]
[Site "Roma ITA"]
[Date "2010.09.30"]
[Round "4"]
[White "Quimi, Marco"]
[Black "Napoli, Nicolo'"]
[Result "0-1"]
[WhiteElo "2195"]
[BlackElo "2308"]
[PlyCount "25"]
[EventDate "2010.09.16"]

1. e4 e5 2. Nf3 Nc6 3. Bb5 a6 4. Ba4 Bc5 5. O-O b5 6. Bb3 Nf6 7. c3 Qe7 8. a4
Bb7 9. axb5 axb5 10. Rxa8+ Bxa8 11. Qe2 O-O 12. Na3 Na5 13. Bc2 0-1

[Event "Open ASR"]
[Site "Roma ITA"]
[Date "2010.09.30"]
[Round "4"]
[White "Russo, Roberto"]
[Black "Maurizio, Antonio"]
[Result "1/2-1/2"]
[WhiteElo "1863"]
[BlackElo "1886"]
[PlyCount "60"]
[EventDate "2010.09.16"]

1. e4 e6 2. Nf3 d5 3. e5 c5 4. b4 cxb4 5. d4 Nc6 6. a3 b3 7. cxb3 f6 8. Bd3
fxe5 9. dxe5 Bc5 10. Qc2 Qb6 11. O-O Nd4 12. Nxd4 Bxd4 13. Bb2 Bxb2 14. Qxb2
Ne7 15. Nd2 Bd7 16. a4 a5 17. Nf3 O-O 18. Rac1 Bxa4 19. Qa3 Qxb3 20. Bxh7+ Kxh7
21. Qxe7 Rae8 22. Qh4+ Kg8 23. Rc7 Rf7 24. Rxf7 Kxf7 25. Ng5+ Ke7 26. Ne4+ g5
27. Qxg5+ Kf8 28. Qf6+ Kg8 29. Qg6+ Kf8 30. Qf6+ Kg8 1/2-1/2

[Event "Open ASR"]
[Site "Roma ITA"]
[Date "2010.09.30"]
[Round "4"]
[White "Sermoneta, Eugenio"]
[Black "Elia, Alessio"]
[Result "1/2-1/2"]
[WhiteElo "1781"]
[BlackElo "1920"]
[PlyCount "99"]
[EventDate "2010.09.16"]

1. e4 d6 2. d4 Nf6 3. Nc3 g6 4. Nf3 Bg7 5. Bc4 O-O 6. O-O Nxe4 7. Bxf7+ Rxf7 8.
Nxe4 h6 9. Qd3 Bg4 10. Nfd2 Nc6 11. c3 e5 12. d5 Ne7 13. f3 Bf5 14. g4 Bd7 15.
c4 Kh7 16. h4 Be8 17. Kg2 Rf8 18. Nb3 Ng8 19. Rh1 Nf6 20. Ng5+ hxg5 21. hxg5+
Kg8 22. gxf6 Qxf6 23. Qe4 Bd7 24. Bh6 Rf7 25. Rh2 Raf8 26. Nd2 Bxh6 27. Rxh6
Rg7 28. Rah1 Kf7 29. Rh8 Rgg8 30. Rxg8 Kxg8 31. Kg3 c6 32. Rh6 Qg5 33. Rh2 Rf7
34. Nf1 Qf4+ 35. Qxf4 Rxf4 36. dxc6 bxc6 37. Nd2 Be6 38. b3 d5 39. cxd5 cxd5
40. Re2 Kf7 41. Rxe5 Rd4 42. Re2 a5 43. Nb1 a4 44. bxa4 Rxa4 45. Nc3 Ra5 46.
Rd2 Ke7 47. f4 Kd6 48. f5 gxf5 49. gxf5 Bxf5 50. Rxd5+ 1/2-1/2

[Event "Open ASR"]
[Site "Roma ITA"]
[Date "2010.09.30"]
[Round "4"]
[White "Vuelban, Virgilio"]
[Black "Wollenweber, Carsten"]
[Result "1-0"]
[WhiteElo "2370"]
[BlackElo "2131"]
[PlyCount "94"]
[EventDate "2010.09.16"]

1. e4 d5 2. exd5 Nf6 3. d4 Nxd5 4. Nf3 g6 5. c4 Nb6 6. a4 a5 7. c5 N6d7 8. Bc4
e6 9. Bg5 Nf6 10. Nc3 Bg7 11. O-O O-O 12. Ne4 Nbd7 13. Bb5 c6 14. Bd3 h6 15.
Bf4 Nxe4 16. Bxe4 Nf6 17. Bc2 Qd5 18. Re1 Rd8 19. Bc7 Rd7 20. Be5 Rd8 21. Bb3
Qd7 22. Qd2 g5 23. Bd6 b6 24. h4 g4 25. Ne5 Qb7 26. Bd1 Ne8 27. Bxg4 Nxd6 28.
cxd6 Rxd6 29. Bh5 f6 30. Nc4 Rd8 31. Qc3 Qc7 32. Bf3 Bd7 33. Rac1 Rac8 34. Qb3
b5 35. Ne3 Qd6 36. Nf5 Qf8 37. Bxc6 bxa4 38. Qa2 Kh7 39. Bxd7 Rxc1 40. Rxc1
exf5 41. Bxf5+ Kh8 42. Qxa4 Qb4 43. Qxb4 axb4 44. d5 Bf8 45. Be6 Kg7 46. Rc7+
Kg6 47. g4 h5 1-0

[Event "Open ASR"]
[Site "Roma ITA"]
[Date "2010.10.08"]
[Round "5"]
[White "Castellano, Lorenzo"]
[Black "Sermoneta, Eugenio"]
[Result "1/2-1/2"]
[WhiteElo "1881"]
[BlackElo "1781"]
[PlyCount "139"]
[EventDate "2010.09.16"]

1. e4 e5 2. Nf3 Nc6 3. d4 exd4 4. Nxd4 Nf6 5. Nxc6 bxc6 6. e5 Nd5 7. c4 Nb6 8.
Bd3 Bc5 9. O-O O-O 10. Qh5 g6 11. Qh6 d5 12. Nc3 Ba6 13. b3 Re8 14. Re1 Bf8 15.
Qf4 Bg7 16. Bb2 Rb8 17. Rad1 Qe7 18. Nb1 dxc4 19. bxc4 Bxc4 20. Ba3 Qe6 21. Bb2
Bxd3 22. Rxd3 Nd5 23. Qd2 Rb7 24. Rb3 Rxb3 25. axb3 Qf5 26. Qe2 Bxe5 27. Bxe5
f6 28. f4 fxe5 29. fxe5 Kg7 30. e6 Qf6 31. Nd2 Qd4+ 32. Kh1 Nf4 33. Qe5+ Qxe5
34. Rxe5 Rxe6 35. Nf3 Rxe5 36. Nxe5 c5 37. Kg1 Ne6 38. Kf2 Kf6 39. Nc6 a6 40.
Nb8 Ke5 41. Ke3 Kd6 42. Nxa6 h6 43. b4 Kc6 44. bxc5 Nxc5 45. Nb4+ Kd6 46. h4 c6
47. g4 Ne6 48. Ke4 Nc5+ 49. Kd4 Nd7 50. Ke4 Nf6+ 51. Kf3 Nd5 52. Nd3 c5 53. Ke4
Nf6+ 54. Kf4 Nd7 55. h5 gxh5 56. gxh5 Nf6 57. Nxc5 Nxh5+ 58. Kf5 Ng7+ 59. Kg6
h5 60. Ne4+ Ke5 61. Ng5 Kf4 62. Ne6+ Ke4 63. Nxg7 h4 64. Nf5 h3 65. Ng3+ Kf3
66. Nf1 Kg2 67. Ne3+ Kf3 68. Nf1 Kf2 69. Nh2 Kg2 70. Ng4 1/2-1/2

[Event "Open ASR"]
[Site "Roma ITA"]
[Date "2010.10.08"]
[Round "5"]
[White "Covello, Danilo"]
[Black "Di Mauro, Giuseppe"]
[Result "0-1"]
[WhiteElo "1410"]
[BlackElo "1946"]
[PlyCount "86"]
[EventDate "2010.09.16"]

1. d4 Nf6 2. c4 e6 3. Nc3 Bb4 4. Qc2 c5 5. Nf3 Nc6 6. dxc5 Bxc5 7. Bf4 d6 8.
Rd1 Qe7 9. a3 a5 10. Nb5 e5 11. Bg5 Bg4 12. Bxf6 gxf6 13. Nh4 Nd4 14. Nxd4 Bxd4
15. Rb1 Qd7 16. e3 Bb6 17. Bd3 Be6 18. a4 Rc8 19. b3 d5 20. c5 Kf8 21. Bb5 Qc7
22. O-O Bxc5 23. Rfc1 Qb6 24. Qe2 Ke7 25. Qf3 d4 26. Nf5+ Bxf5 27. Qxf5 Rcd8
28. exd4 Bxd4 29. Rc4 Bc5 30. Rbc1 Rd4 31. Kf1 Rhd8 32. Qxh7 Rd1+ 33. Rxd1
Rxd1+ 34. Ke2 Ra1 35. f3 Bg1 36. Qh6 Qf2+ 37. Kd3 Rd1+ 38. Ke4 Qxg2 39. Rc7+
Kd8 40. Rxf7 Rd4+ 41. Kf5 Qxf3+ 42. Kg6 Rg4+ 43. Kh7 Qe4+ 0-1

[Event "Open ASR"]
[Site "Roma ITA"]
[Date "2010.10.08"]
[Round "5"]
[White "Maurizio, Antonio"]
[Black "Vuelban, Virgilio"]
[Result "0-1"]
[WhiteElo "1886"]
[BlackElo "2370"]
[PlyCount "72"]
[EventDate "2010.09.16"]

1. c4 c5 2. Nf3 Nc6 3. Nc3 g6 4. g3 Bg7 5. Bg2 Nh6 6. O-O Nf5 7. d3 O-O 8. Bd2
d6 9. Rb1 Qd7 10. a3 b6 11. b4 Bb7 12. Nd5 e6 13. Ne3 Nfd4 14. Nc2 Nxf3+ 15.
Bxf3 Ne5 16. Bxb7 Qxb7 17. bxc5 dxc5 18. a4 Rfd8 19. Ne1 Qd7 20. Qc2 Nc6 21.
Nf3 Qc7 22. a5 Nxa5 23. Bxa5 bxa5 24. Rb3 Rab8 25. Rfb1 Rb4 26. Nd2 Rdb8 27.
Qa2 Qb6 28. Qc2 h5 29. h4 Be5 30. Qa2 Qc7 31. Kh2 Qd8 32. Rxb4 cxb4 33. Nb3 Bc7
34. d4 Qxh4+ 35. Kg2 Qg4 36. Nxa5 Bxa5 0-1

[Event "Open ASR"]
[Site "Roma ITA"]
[Date "2010.10.08"]
[Round "5"]
[White "Napoli, Nicolo'"]
[Black "Russo, Roberto"]
[Result "1-0"]
[WhiteElo "2308"]
[BlackElo "1863"]
[PlyCount "51"]
[EventDate "2010.09.16"]

1. e4 c5 2. Nf3 Nc6 3. c3 d5 4. exd5 Qxd5 5. d4 e5 6. Be3 cxd4 7. cxd4 exd4 8.
Nxd4 Bd7 9. Nc3 Bb4 10. Ndb5 Qe5 11. a3 Be7 12. Qd2 Nf6 13. Be2 O-O 14. O-O Be6
15. Bf4 Qf5 16. Bd3 Qh5 17. Nc7 Rad8 18. Nxe6 fxe6 19. Qe2 Nd4 20. Qd1 Ng4 21.
Bg3 Nf5 22. Bxf5 Rxd1 23. Bxe6+ Kh8 24. Raxd1 Qc5 25. Bxg4 h5 26. Rd5 1-0

[Event "Open ASR"]
[Site "Roma ITA"]
[Date "2010.10.08"]
[Round "5"]
[White "Nazzarri, Errico"]
[Black "Cannavo', Giuseppe"]
[Result "0-1"]
[WhiteElo "1383"]
[BlackElo "1365"]
[PlyCount "68"]
[EventDate "2010.09.16"]

1. e4 Nc6 2. Nf3 e5 3. Bc4 h6 4. c3 d6 5. d4 f5 6. Nfd2 Nf6 7. Qe2 g6 8. O-O f4
9. d5 Ne7 10. Bb5+ Bd7 11. Bxd7+ Qxd7 12. f3 g5 13. Nc4 Rg8 14. h3 g4 15. Kh2
gxf3 16. Qxf3 O-O-O 17. Rg1 a6 18. g3 h5 19. gxf4 Rxg1 20. Kxg1 exf4 21. Bxf4
Bg7 22. e5 dxe5 23. d6 Qc6 24. Qxc6 Nxc6 25. Bxe5 Ne8 26. dxc7 Nxc7 27. Bxg7
Rg8 28. Nb6+ Kb8 29. Nd7+ Ka7 30. Kf1 Rxg7 31. b4 Rxd7 32. b5 Nxb5 33. c4 Nbd4
34. c5 Rf7+ 0-1

[Event "Open ASR"]
[Site "Roma ITA"]
[Date "2010.10.08"]
[Round "5"]
[White "Passeri, Marco"]
[Black "Verrascina, Nicola"]
[Result "1/2-1/2"]
[WhiteElo "1434"]
[BlackElo "2014"]
[PlyCount "49"]
[EventDate "2010.09.16"]

1. d4 f5 2. e4 fxe4 3. Nc3 Nf6 4. Bg5 g6 5. f3 exf3 6. Nxf3 Bg7 7. Qd2 O-O 8.
Bh6 d5 9. Bd3 Nc6 10. O-O-O Bg4 11. Rdf1 Bxf3 12. gxf3 e5 13. Bxg7 Kxg7 14.
dxe5 Nxe5 15. Be2 c6 16. h4 Nh5 17. f4 Nc4 18. Qd4+ Qf6 19. Qg1 Nxf4 20. Bxc4
dxc4 21. h5 g5 22. Qc5 Rad8 23. Kb1 h6 24. Qxa7 Rf7 25. Qc5 1/2-1/2

[Event "Open ASR"]
[Site "Roma ITA"]
[Date "2010.10.08"]
[Round "5"]
[White "Prudenzano, Ruggero"]
[Black "Andreozzi, Paolo"]
[Result "1-0"]
[WhiteElo "1929"]
[BlackElo "1723"]
[PlyCount "83"]
[EventDate "2010.09.16"]

1. d4 d5 2. c4 c6 3. Nc3 e6 4. Nf3 Nf6 5. cxd5 cxd5 6. g3 Nc6 7. Bg2 Bd6 8. O-O
h6 9. a3 O-O 10. b4 b6 11. Bf4 Bxf4 12. gxf4 a6 13. Rc1 Bb7 14. e3 Ne4 15. Nxe4
dxe4 16. Nd2 f5 17. Qh5 Ne7 18. Nc4 Nd5 19. Ne5 Nf6 20. Qe2 Rc8 21. h3 Qe8 22.
Kh2 Qa4 23. Qb2 Bd5 24. Ng6 Rxc1 25. Rxc1 Rd8 26. Qc3 Ne8 27. Bf1 Kh7 28. Ne5
a5 29. Be2 axb4 30. axb4 Qa2 31. Rc2 Qb3 32. Bh5 Qxc3 33. Bg6+ Kg8 34. Rxc3 Nd6
35. Rc7 Ra8 36. Rd7 Nc4 37. Bf7+ Kh7 38. Nxc4 Bxc4 39. Rd6 Ra4 40. Rxb6 Be2 41.
Rxe6 Bf3 42. Bg6+ 1-0

[Event "Open ASR"]
[Site "Roma ITA"]
[Date "2010.10.08"]
[Round "5"]
[White "Rampini, Carlo"]
[Black "Bogosaljevic, Miodrag"]
[Result "0-1"]
[WhiteElo "1791"]
[BlackElo "1883"]
[PlyCount "54"]
[EventDate "2010.09.16"]

1. Nf3 d5 2. d4 Nf6 3. Bf4 e6 4. Nbd2 c5 5. e3 Nc6 6. c3 Bd6 7. Bb5 O-O 8. Bg5
cxd4 9. exd4 Be7 10. Bd3 Re8 11. h4 Qc7 12. O-O Ng4 13. Bxh7+ Kxh7 14. Bxe7 e5
15. Ng5+ Kg8 16. Nxf7 Rxe7 17. Nxe5 Ncxe5 18. dxe5 Rxe5 19. Nf3 Rh5 20. Re1 Bf5
21. Qxd5+ Kh7 22. g3 Rd8 23. Qb5 Bg6 24. Qb4 Nxf2 25. Kxf2 Rf5 26. Rad1 Rdf8
27. Re3 Qc6 0-1

[Event "Open ASR"]
[Site "Roma ITA"]
[Date "2010.10.08"]
[Round "5"]
[White "Spada, Angelo"]
[Black "Bolla, Vittorio"]
[Result "1-0"]
[WhiteElo "2046"]
[BlackElo "1790"]
[PlyCount "39"]
[EventDate "2010.09.16"]

1. d4 Nf6 2. e3 c5 3. c3 cxd4 4. exd4 d5 5. Nf3 e6 6. Bd3 Be7 7. O-O Bd7 8. Ne5
Nc6 9. f4 a6 10. Nd2 b5 11. Ndf3 h6 12. Qe2 Bd6 13. Bd2 Bxe5 14. Nxe5 Rc8 15.
f5 Qe7 16. Rae1 exf5 17. Nxd7 Nxd7 18. Qf3 Nde5 19. dxe5 Nxe5 20. Qxf5 1-0

[Event "Open ASR"]
[Site "Roma ITA"]
[Date "2010.10.08"]
[Round "5"]
[White "Urzi', Silvio"]
[Black "Quimi, Marco"]
[Result "1-0"]
[WhiteElo "1781"]
[BlackElo "2195"]
[PlyCount "63"]
[EventDate "2010.09.16"]

1. c4 g6 2. d4 c5 3. d5 b5 4. cxb5 a6 5. Nc3 Bg7 6. e4 d6 7. bxa6 Nf6 8. Bb5+
Bd7 9. Qd3 O-O 10. a4 Qa5 11. Nge2 Nxa6 12. Bxd7 Nb4 13. Qd2 Nxd7 14. O-O c4
15. Na2 Nd3 16. Qxa5 Rxa5 17. Nac3 N7c5 18. Bg5 f6 19. Be3 Nxb2 20. Bxc5 Rxc5
21. a5 Ra8 22. a6 Nd3 23. Rfb1 f5 24. a7 Rcc8 25. Rb7 Nc5 26. Rb4 Nxe4 27. Na4
Rxa7 28. Rc1 c3 29. f3 Rxa4 30. Rxa4 Nc5 31. Rc4 Kf7 32. Nxc3 1-0

[Event "Open ASR"]
[Site "Roma ITA"]
[Date "2010.10.08"]
[Round "5"]
[White "Wollenweber, Carsten"]
[Black "Dietrich, Stefano"]
[Result "1-0"]
[WhiteElo "2131"]
[BlackElo "1763"]
[PlyCount "73"]
[EventDate "2010.09.16"]

1. e4 c5 2. Nf3 Nc6 3. d4 cxd4 4. Nxd4 e5 5. Nb5 d6 6. Bc4 Nf6 7. Bg5 a6 8.
Bxf6 gxf6 9. Qh5 Qd7 10. Bxf7+ Kd8 11. N5a3 b5 12. Nd2 Ra7 13. Bb3 Qg7 14. Qh4
Nd4 15. c3 Nxb3 16. axb3 Rd7 17. O-O-O h5 18. Nc2 Be7 19. Ne3 Qf7 20. Nf5 Rc7
21. f4 Be6 22. fxe5 fxe5 23. Nxe7 Qxe7 24. Qf2 Rc6 25. Rhf1 Bg4 26. Nf3 Kc8 27.
Qd2 Be6 28. Kc2 Rg8 29. h4 Qf7 30. Nd4 Qxf1 31. Rxf1 exd4 32. Rf6 dxc3 33. bxc3
Kd7 34. Rh6 b4 35. c4 Rg3 36. Rh7+ Kc8 37. Qxb4 1-0

[Event "Open ASR"]
[Site "Roma ITA"]
[Date "2010.10.08"]
[Round "5"]
[White "Zarfati, Daniele"]
[Black "Fargnoli, Maurizio"]
[Result "1-0"]
[WhiteElo "1589"]
[BlackElo "1678"]
[PlyCount "31"]
[EventDate "2010.09.16"]

1. c4 g6 2. Nc3 Bg7 3. Nf3 Nf6 4. d4 O-O 5. e4 d6 6. Be2 Nbd7 7. O-O c5 8. Be3
b6 9. h3 Bb7 10. d5 a6 11. a3 Ne8 12. Qc2 e5 13. Rab1 Bc8 14. b4 f5 15. Bg5 h6
16. Bxd8 1-0

[Event "C.to Europeo U10 femminile"]
[Site "Batumi GEO"]
[Date "2010.09.22"]
[Round "3"]
[White "Broly, Mathilde"]
[Black "Scarpa, Silvia"]
[Result "0-1"]
[WhiteElo "1634"]
[BlackElo "1581"]
[PlyCount "90"]
[EventDate "2010.09.20"]

1. c4 e5 2. g3 Nf6 3. Nc3 Bc5 4. Bg2 c6 5. Qa4 Qb6 6. e3 O-O 7. Nge2 Rd8 8. Qc2
Qc7 9. Rb1 a5 10. a3 Na6 11. d4 exd4 12. exd4 Be7 13. O-O d5 14. Bf4 Qd7 15.
Na4 Qe8 16. c5 g6 17. Bg5 Bf5 18. Qd2 Bxb1 19. Rxb1 Ne4 20. Bxe4 Bxg5 21. Qxg5
Qxe4 22. Re1 Qf5 23. Qe7 Rab8 24. Nb6 Re8 25. Qh4 g5 26. Qh5 Qg6 27. Qxg6+ hxg6
28. Nd7 Rbd8 29. Nf6+ Kf8 30. Nxe8 Rxe8 31. Kf1 Nc7 32. a4 Rb8 33. Nc3 b5 34.
axb5 Nxb5 35. Ra1 Nxd4 36. Nd1 Rb5 37. Ra4 Ne6 38. Ra1 Rxc5 39. Nc3 d4 40. Na4
Rb5 41. Rc1 c5 42. Ke2 Ke7 43. Kd3 Kd6 44. Ra1 Rb4 45. Kd2 Kc6 0-1

[Event "C.to Europeo U10 femminile"]
[Site "Batumi GEO"]
[Date "2010.09.23"]
[Round "4"]
[White "Scarpa, Silvia"]
[Black "Onur, Cigdem"]
[WhiteElo "1581"]
[BlackElo "1470"]
[Result "1-0"]
[PlyCount "33"]
[EventDate "2010.09.20"]

1. e4 c5 2. Nf3 Nc6 3. d4 cxd4 4. Nxd4 Nf6 5. Nc3 e5 6. Nf3 Bb4 7. Bd3 d5 8.
exd5 Nxd5 9. Bd2 Bxc3 10. bxc3 O-O 11. O-O f5 12. Bc4 e4 13. Bg5 Qd7 14. Qxd5+
Qxd5 15. Bxd5+ Kh8 16. Bxc6 bxc6 17. Ne5 1-0